[Event "Cappelle Online Rapid op"]
[Site "Europe Echecs INT"]
[Date "2021.03.06"]
[Round "4"]
[White "Gougeon, Patrick"]
[Black "Couche, Didier"]
[Result "0-1"]
[WhiteElo "1402"]
[BlackElo "1947"]
[PlyCount "62"]
[EventDate "2021.03.06"]
[EventType "swiss (rapid)"]
[EventRounds "9"]
[EventCountry "FRA"]
[SourceTitle "CBM 201 Extra"]
[Source "ChessBase"]
[SourceDate "2021.05.31"]
[SourceVersion "1"]
[SourceVersionDate "2021.05.31"]
[SourceQuality "1"]

1. f4 d5 2. Nf3 c5 3. g3 Nc6 4. Bg2 Nf6 5. d3 e6 6. 0-0 Be7 7. c3 0-0 8. Na3 Rb8 9. Ne5 Nxe5 10. fxe5 Nd7 11. Nc2 Nxe5 12. d4 Nc6 13. Ne3 cxd4 14. cxd4 Qb6 15. Nc2 Bf6 16. Rf4 e5 17. Rxf6 gxf6 18. Bh6 Re8 19. e3 e4 20. Qf1 Ne7 21. Bh3 Bxh3 22. Qxh3 f5 23. Bf4 Rbc8 24. Qg2 Qxb2 25. Rf1 Rxc2 26. Qh3 Qb6 27. g4 fxg4 28. Qh4 Ng6 29. Qg5 Qd8 30. Qxg4 Qh4 31. Qxh4 Nxh4 0-1

[Event "Montreal Transcontinental ABCDEFG"]
[Site "Montreal"]
[Date "2016.12.10"]
[Round "3"]
[White "Tesar, Mathias"]
[Black "Gougeon, Patrick"]
[Result "1/2-1/2"]
[WhiteElo "1304"]
[BlackElo "1437"]
[PlyCount "113"]
[EventDate "2016.12.09"]
[EventType "swiss"]
[EventRounds "5"]
[EventCountry "CAN"]
[SourceTitle "EXT 2022"]
[Source "ChessBase"]
[SourceDate "2021.10.06"]
[SourceVersion "1"]
[SourceVersionDate "2021.10.06"]
[SourceQuality "1"]

1. d4 f5 2. Nf3 Nf6 3. Bg5 g6 4. Bxf6 exf6 5. e3 Bg7 6. Nbd2 0-0 7. Bd3 d5 8. 0-0 Re8 9. Re1 c6 10. c4 Be6 11. Qc2 Nd7 12. b3 Rc8 13. c5 Qc7 14. b4 Bf8 15. a3 b6 16. Nb3 Be7 17. cxb6 axb6 18. Rec1 Nb8 19. Qc3 Bd7 20. Qb2 Bd6 21. Rc2 h5 22. Rac1 g5 23. b5 Kf7 24. bxc6 Be6 25. g3 Rh8 26. Bf1 Rcg8 27. Bg2 Ke8 28. Nbd2 h4 29. Rb1 hxg3 30. fxg3 Rg7 31. Qxb6 Rgh7 32. Qxc7 Bxc7 33. Nf1 Kd8 34. Rb7 Bc8 35. Ra7 Bb6 36. Rxh7 Rxh7 37. N1d2 Be6 38. Nb3 Kc7 39. Nc5 Bg8 40. Na4 Nxc6 41. Nxb6 Kxb6 42. Rb2+ Kc7 43. Rc2 Kd6 44. Rb2 Ra7 45. Ra2 Nb4 46. Rb2 Nc6 47. Bh3 g4 48. Bg2 Rxa3 49. h3 Be6 50. Nh2 Ke7 51. hxg4 fxg4 52. Rc2 Kd6 53. Rf2 f5 54. Rb2 Kc7 55. Rc2 Kd6 56. Rb2 Kc7 57. Rc2 1/2-1/2